[Event "Titled Tuesday intern op 13th Feb Late"]
[Site "Chess.com INT"]
[Date "2024.02.13"]
[Round "4"]
[White "Clawitter, Craig"]
[Black "Priasmoro, Novendra"]
[Result "0-1"]
[WhiteElo "2050"]
[BlackElo "2499"]
[PlyCount "90"]
[EventDate "2024.02.13"]
[EventType "swiss (blitz)"]
[EventRounds "11"]
[EventCountry "USA"]
[SourceTitle "CB08_2024"]
[SourceDate "2024.02.21"]
[SourceVersion "1"]
[SourceVersionDate "2024.02.21"]
[SourceQuality "1"]

1. e4 d5 2. exd5 Qxd5 3. Nc3 Qa5 4. d4 Nf6 5. Nf3 Bf5 6. Ne5 c6 7. g4 Bg6 8. h4 Nbd7 9. Nc4 Qc7 10. h5 Be4 11. Nxe4 Nxe4 12. Qf3 Nd6 13. Bf4 Nb6 14. Ne5 Nd5 15. Bg3 f6 16. Nc4 0-0-0 17. 0-0-0 Qd7 18. Nxd6+ exd6 19. g5 Kb8 20. c4 Nb6 21. gxf6 gxf6 22. Qxf6 Be7 23. Qf3 Bg5+ 24. Kb1 Rhf8 25. Qb3 Ka8 26. Bh3 Qf7 27. c5 Nc4 28. cxd6 Nd2+ 29. Rxd2 Bxd2 30. Qxf7 Rxf7 31. Be6 Rf6 32. Bh4 Rxe6 33. Bxd8 Rxd6 34. Bh4 Rxd4 35. Bg3 Ba5 36. Kc2 Rd2+ 37. Kb3 b5 38. Re1 Rd3+ 39. Kc2 Rd2+ 40. Kb3 c5 41. Re8+ Kb7 42. Re7+ Kc6 43. Rxh7 c4+ 44. Ka3 Bb6 45. Rh6+ Kd5 0-1

[Event "Titled Tuesday intern op 13th Feb Late"]
[Site "Chess.com INT"]
[Date "2024.02.13"]
[Round "2"]
[White "Priasmoro, Novendra"]
[Black "Gordon, David"]
[Result "1-0"]
[WhiteElo "2499"]
[BlackElo "2031"]
[PlyCount "47"]
[EventDate "2024.02.13"]
[EventType "swiss (blitz)"]
[EventRounds "11"]
[EventCountry "USA"]
[SourceTitle "CB08_2024"]
[SourceDate "2024.02.21"]
[SourceVersion "1"]
[SourceVersionDate "2024.02.21"]
[SourceQuality "1"]

1. e4 c5 2. Nf3 Nc6 3. Bb5 Nf6 4. e5 Nd5 5. 0-0 g6 6. Nc3 Nc7 7. Bxc6 dxc6 8. Re1 Bg4 9. h3 Bxf3 10. Qxf3 Bg7 11. Ne4 Ne6 12. d3 0-0 13. Qg3 Nd4 14. Qh4 Nxc2 15. Bh6 f6 16. exf6 exf6 17. Nxc5 Nxe1 18. Bxg7 Nc2 19. Bxf8 Qxf8 20. Qc4+ Qf7 21. Qxc2 Rd8 22. Re1 b6 23. Ne6 Re8 24. Qxc6 1-0

[Event "Penang op 15th"]
[Site "Penang"]
[Date "2023.12.22"]
[Round "8"]
[White "Gunawan, Ronny"]
[Black "Priasmoro, Novendra"]
[Result "0-1"]
[WhiteElo "2234"]
[BlackElo "2499"]
[PlyCount "66"]
[EventDate "2023.12.18"]
[EventType "swiss"]
[EventRounds "9"]
[EventCountry "MAS"]
[SourceTitle "CB52_2023"]
[SourceDate "2023.12.27"]
[SourceVersion "1"]
[SourceVersionDate "2023.12.27"]
[SourceQuality "1"]

1. d4 Nf6 2. c4 g6 3. Nc3 Bg7 4. e4 d6 5. f3 0-0 6. Be3 e5 7. Nge2 c6 8. d5 cxd5 9. cxd5 a6 10. Qd2 Re8 11. g4 b5 12. Ng3 b4 13. Na4 Nbd7 14. g5 Nh5 15. Nxh5 gxh5 16. Rc1 Rb8 17. b3 a5 18. h4 Nf8 19. Rc6 Qe7 20. Bb6 Bd7 21. Rc7 Rec8 22. Rxc8 Rxc8 23. Bxa5 Bxa4 24. bxa4 Qa7 25. Bxb4 Qxa4 26. Rh2 Ng6 27. Bxd6 f5 28. Qb2 fxe4 29. Bh3 Nf4 30. Qb3 Nd3+ 31. Kd2 e3+ 32. Kd1 Rc1+ 33. Ke2 Nf4+ 0-1

[Event "Penang op 15th"]
[Site "Penang"]
[Date "2023.12.21"]
[Round "7"]
[White "Priasmoro, Novendra"]
[Black "Rahman, Ziaur"]
[Result "1-0"]
[WhiteElo "2499"]
[BlackElo "2436"]
[PlyCount "123"]
[EventDate "2023.12.18"]
[EventType "swiss"]
[EventRounds "9"]
[EventCountry "MAS"]
[SourceTitle "CB52_2023"]
[SourceDate "2023.12.27"]
[SourceVersion "1"]
[SourceVersionDate "2023.12.27"]
[SourceQuality "1"]

1. e4 c5 2. Nf3 Nc6 3. Bb5 e6 4. 0-0 Nge7 5. d4 cxd4 6. Nxd4 Ng6 7. Be3 Be7 8. f4 0-0 9. Nc3 a6 10. Be2 b5 11. Nxc6 dxc6 12. Qxd8 Rxd8 13. e5 Bb7 14. Bf3 Nh4 15. Be4 Nf5 16. Bb6 Rdb8 17. g4 c5 18. gxf5 Bxe4 19. Nxe4 Rxb6 20. f6 Bf8 21. Rad1 Rbb8 22. Rd7 Rd8 23. Rfd1 Rxd7 24. Rxd7 gxf6 25. Nxf6+ Kg7 26. Kf2 c4 27. Kf3 b4 28. Ne4 h6 29. Rc7 b3 30. Rxc4 bxa2 31. Ra4 Rb8 32. Rxa2 Rb6 33. b3 Be7 34. Nd2 Rc6 35. Nc4 Bb4 36. Ke4 h5 37. Ra1 Be7 38. Rg1+ Kf8 39. Kd3 Rc7 40. c3 Rd7+ 41. Kc2 Rc7 42. Ra1 Rc6 43. Kd3 Kg7 44. b4 f6 45. Rg1+ Kf7 46. exf6 Bxf6 47. Ne5+ Bxe5 48. fxe5 Rc8 49. Rg5 Rd8+ 50. Kc2 h4 51. c4 Rd4 52. Kc3 Re4 53. c5 Ke8 54. Rg8+ Kd7 55. Ra8 Rxe5 56. Rxa6 Re2 57. Rd6+ Kc7 58. b5 Re1 59. b6+ Kb7 60. Rd7+ Kc6 61. Rc7+ Kd5 62. b7 1-0

[Event "Penang op 15th"]
[Site "Penang"]
[Date "2023.12.21"]
[Round "6"]
[White "Soo, Kai Jie"]
[Black "Priasmoro, Novendra"]
[Result "0-1"]
[WhiteElo "2074"]
[BlackElo "2499"]
[PlyCount "50"]
[EventDate "2023.12.18"]
[EventType "swiss"]
[EventRounds "9"]
[EventCountry "MAS"]
[SourceTitle "CB52_2023"]
[SourceDate "2023.12.27"]
[SourceVersion "1"]
[SourceVersionDate "2023.12.27"]
[SourceQuality "1"]

1. d4 Nf6 2. c4 g6 3. g3 Bg7 4. Bg2 0-0 5. Nc3 d6 6. Nf3 Nc6 7. 0-0 Bf5 8. Ne1 e5 9. d5 Ne7 10. e4 Bg4 11. f3 Bd7 12. f4 exf4 13. gxf4 c6 14. Be3 Re8 15. Nc2 Nc8 16. Qd3 Nb6 17. Bd4 c5 18. Be3 Ng4 19. Bd2 f5 20. Rae1 fxe4 21. Nxe4 Bf5 22. b3 Nd7 23. Bc3 Qh4 24. h3 Ngf6 25. Nxf6+ Qxf6 0-1

[Event "Penang op 15th"]
[Site "Penang"]
[Date "2023.12.19"]
[Round "3"]
[White "Priasmoro, Novendra"]
[Black "Young, Angelo"]
[Result "1-0"]
[WhiteElo "2499"]
[BlackElo "2211"]
[PlyCount "123"]
[EventDate "2023.12.18"]
[EventType "swiss"]
[EventRounds "9"]
[EventCountry "MAS"]
[SourceTitle "CB52_2023"]
[SourceDate "2023.12.27"]
[SourceVersion "1"]
[SourceVersionDate "2023.12.27"]
[SourceQuality "1"]

1. e4 c5 2. Nf3 d6 3. d4 cxd4 4. Nxd4 Nf6 5. Nc3 a6 6. Be2 Nbd7 7. 0-0 Nc5 8. f3 e6 9. Nb3 Qc7 10. Be3 Bd7 11. Qe1 Be7 12. Qg3 Nxb3 13. axb3 0-0 14. f4 Bc6 15. Bd4 Rfd8 16. Bd3 b5 17. b4 Qb7 18. Kh1 Nh5 19. Qf2 Nf6 20. Qg3 Nh5 21. Qh3 g6 22. f5 e5 23. Be3 Bf6 24. fxg6 hxg6 25. Qf3 Qe7 26. Rae1 Rf8 27. Nd5 Bxd5 28. exd5 Bg5 29. g4 Ng7 30. Bxg5 Qxg5 31. Qf6 Qxf6 32. Rf2 Qf4 33. Rxf4 Ne8 34. Rf3 Kg7 35. Ref1 Ra7 36. Kg2 Re7 37. Be4 Rc7 38. b3 Rh8 39. Bd3 Re7 40. Be2 f5 41. gxf5 Nf6 42. c4 Rb7 43. fxg6 Rf8 44. c5 Rbb8 45. c6 Nxd5 46. Rxf8 Rxf8 47. Rxf8 Kxf8 48. h4 Kg7 49. h5 Nc7 50. Kg3 d5 51. Kg4 Kf6 52. Bf3 e4 53. Bxe4 dxe4 54. Kf4 Ne6+ 55. Kxe4 Ke7 56. h6 Kf6 57. h7 Kg7 58. Ke5 Nc7 59. Kd6 Ne8+ 60. Ke7 Nc7 61. h8Q+ Kxh8 62. Kf7 1-0

[Event "Asian Games"]
[Site "Hangzhou"]
[Date "2023.09.26"]
[Round "5"]
[White "Nezad, Husein Aziz"]
[Black "Priasmoro, Novendra"]
[Result "0-1"]
[WhiteElo "2328"]
[BlackElo "2483"]
[PlyCount "162"]
[EventDate "2023.09.24"]
[EventType "swiss (rapid)"]
[EventRounds "9"]
[EventCountry "CHN"]
[SourceTitle "EXT 2024"]
[Source "ChessBase"]
[SourceDate "2023.10.10"]
[SourceVersion "1"]
[SourceVersionDate "2023.10.10"]
[SourceQuality "1"]

1. e4 c5 2. Nf3 Nc6 3. Bb5 g6 4. 0-0 Bg7 5. c3 Nf6 6. Re1 0-0 7. d4 d5 8. e5 Ne4 9. Bxc6 bxc6 10. Be3 Qb6 11. Qc1 c4 12. Nbd2 Nxd2 13. Nxd2 Bf5 14. b3 Bd3 15. h4 h6 16. e6 fxe6 17. Nf3 Kh7 18. Ne5 Qa6 19. Nd7 Rf7 20. Qd2 Qc8 21. Nc5 e5 22. dxe5 Qg4 23. Bd4 Qxh4 24. Re3 Bf5 25. Rae1 e6 26. bxc4 h5 27. cxd5 cxd5 28. Rg3 Raf8 29. Nb3 Bh6 30. Be3 Bxe3 31. Qxe3 Bg4 32. Rf1 a6 33. Nd4 Rf4 34. Qe1 Re4 35. Re3 Rxe3 36. Qxe3 Bf5 37. Nf3 Qe7 38. Ng5+ Kg7 39. f3 h4 40. Kh2 Rc8 41. Rd1 Qc7 42. Rd4 Qxc3 43. Qxc3 Rxc3 44. Rxh4 Rc2 45. Rh7+ Kg8 46. Ra7 d4 47. Ra8+ Kg7 48. Ra7+ Kg8 49. Ra8+ Kg7 50. Ra7+ Kh6 51. Nf7+ Kh5 52. Rd7 d3 53. Kg3 g5 54. Nd6 Bg6 55. Kh3 Rf2 56. Rd8 Kh6 57. Ne8 d2 58. Nf6 Re2 59. Rd7 Bc2 60. Ng8+ Kg6 61. Ne7+ Kf7 62. Nd5+ Kf8 63. Nc3 Re3 64. Rxd2 Rxc3 65. Rd6 Bf5+ 66. Kh2 Ra3 67. g4 Rxa2+ 68. Kg3 Bc2 69. Rxe6 Kf7 70. Rf6+ Ke7 71. Rh6 Ra5 72. Rc6 Bd3 73. Rd6 Bc4 74. f4 Ra3+ 75. Kf2 gxf4 76. g5 Rg3 77. Rd4 Be6 78. Rd6 a5 79. Ra6 Bd5 80. Rxa5 Ke6 81. g6 Kxe5 0-1

[Event "Asian Games"]
[Site "Hangzhou"]
[Date "2023.09.26"]
[Round "6"]
[White "Priasmoro, Novendra"]
[Black "Jumabayev, Rinat"]
[Result "1-0"]
[WhiteElo "2483"]
[BlackElo "2585"]
[PlyCount "85"]
[EventDate "2023.09.24"]
[EventType "swiss (rapid)"]
[EventRounds "9"]
[EventCountry "CHN"]
[SourceTitle "EXT 2024"]
[Source "ChessBase"]
[SourceDate "2023.10.10"]
[SourceVersion "1"]
[SourceVersionDate "2023.10.10"]
[SourceQuality "1"]

1. e4 e6 2. d4 d5 3. Nc3 Nf6 4. e5 Nfd7 5. f4 c5 6. Nf3 Nc6 7. Be3 a6 8. Qd2 b5 9. dxc5 Bxc5 10. 0-0-0 Qb6 11. Nd4 Nxd4 12. Bxd4 Bxd4 13. Qxd4 b4 14. Qxb6 Nxb6 15. Ne2 a5 16. Nd4 Ba6 17. h4 h5 18. f5 Ke7 19. Rh3 Nd7 20. Nc6+ Ke8 21. fxe6 fxe6 22. Rg3 Bxf1 23. Rxf1 Rf8 24. Rxf8+ Kxf8 25. Rg5 Rc8 26. Nxa5 Rc5 27. Nb7 Rc4 28. Rxh5 Rg4 29. Nd8 Nc5 30. Nc6 Kg8 31. Ne7+ Kf7 32. Nc6 Kg8 33. Nd8 Ne4 34. Nxe6 Rxg2 35. c3 bxc3 36. bxc3 Rxa2 37. Rf5 Nxc3 38. Rf8+ Kh7 39. Ng5+ Kg6 40. e6 Re2 41. Rc8 d4 42. Rc4 Ne4 43. Nf3 1-0

[Event "Vienna Ottakring 100 Years"]
[Site "Vienna"]
[Date "2023.08.28"]
[Round "3"]
[White "Jocev, Milan"]
[Black "Priasmoro, Novendra"]
[Result "0-1"]
[WhiteElo "2314"]
[BlackElo "2483"]
[PlyCount "118"]
[EventDate "2023.08.26"]
[EventType "swiss"]
[EventRounds "9"]
[EventCountry "AUT"]
[SourceTitle "EXT 2024"]
[Source "ChessBase"]
[SourceDate "2023.10.10"]
[SourceVersion "1"]
[SourceVersionDate "2023.10.10"]
[SourceQuality "1"]

1. d4 d5 2. c4 c6 3. Nf3 Nf6 4. cxd5 cxd5 5. Nc3 Nc6 6. Bf4 a6 7. e3 Bf5 8. Bd3 Bxd3 9. Qxd3 e6 10. 0-0 Be7 11. Rfc1 0-0 12. Bg5 Rc8 13. Bxf6 Bxf6 14. Na4 Qd6 15. Qb3 b5 16. Nc5 e5 17. Qd1 exd4 18. Nxd4 Nxd4 19. exd4 Rfe8 20. g3 Rc7 21. b4 Rce7 22. a4 Bg5 23. Rc3 Re2 24. axb5 Bd2 25. Re3 R2xe3 26. fxe3 Bxe3+ 27. Kg2 axb5 28. Qd3 Qc6 29. Re1 Bh6 30. Rxe8+ Qxe8 31. Qf5 Bd2 32. Qxd5 Qe2+ 33. Kh3 Qf1+ 34. Qg2 Qxg2+ 35. Kxg2 Bxb4 36. Nb3 f5 37. d5 Bd6 38. Nd4 b4 39. Kf3 g6 40. Ke3 Kf7 41. Kd3 Kf6 42. Kc4 g5 43. Nb5 Ke5 44. Nd4 g4 45. Ne6 b3 46. Kxb3 Kxd5 47. Ng7 Ke4 48. Kc2 f4 49. Kd2 fxg3 50. hxg3 Bxg3 51. Ke2 Be5 52. Ne6 Kf5 53. Nc5 h5 54. Nd3 Bd4 55. Kf1 Ke4 56. Nc1 Kf3 57. Nd3 h4 58. Ne1+ Kg3 59. Nc2 Bc5 0-1

[Event "Titled Tuesday intern op 01st Aug Early"]
[Site "Chess.com INT"]
[Date "2023.08.01"]
[Round "1"]
[White "Priasmoro, Novendra"]
[Black "Kashtanov, Ruslan"]
[Result "1-0"]
[WhiteElo "2483"]
[BlackElo "2357"]
[PlyCount "103"]
[EventDate "2023.08.01"]
[EventType "swiss (blitz)"]
[EventRounds "11"]
[EventCountry "USA"]
[SourceTitle "EXT 2024"]
[Source "ChessBase"]
[SourceDate "2023.10.10"]
[SourceVersion "1"]
[SourceVersionDate "2023.10.10"]
[SourceQuality "1"]

1. e4 c6 2. d4 d5 3. Nd2 dxe4 4. Nxe4 Bf5 5. Ng3 Bg6 6. h4 h6 7. Nf3 Nd7 8. h5 Bh7 9. Bd3 Bxd3 10. Qxd3 e6 11. Bd2 Ngf6 12. 0-0-0 Be7 13. Kb1 Qb6 14. c4 Rd8 15. Bc3 Qa6 16. Qe2 0-0 17. Ne5 b5 18. b3 bxc4 19. Qxc4 Qxc4 20. bxc4 Nxe5 21. dxe5 Ng4 22. Ne4 f5 23. exf6 Nxf6 24. Nxf6+ Bxf6 25. Ba5 Rb8+ 26. Kc1 Rb2 27. Rd2 Rfb8 28. Rxb2 Rxb2 29. Re1 Rxa2 30. Bd2 Ra1+ 31. Kc2 Rxe1 32. Bxe1 Bd4 33. f3 Kf7 34. Kd3 Bc5 35. g4 Bb6 36. Bc3 a5 37. c5 Bxc5 38. Bxa5 Bd6 39. Ke4 Bb8 40. Bc3 g6 41. Bd2 gxh5 42. gxh5 Kg7 43. Bc3+ Kh7 44. Bd4 Bd6 45. Bb6 Bb8 46. Bc5 Bc7 47. Be7 Bb8 48. Kd4 Ba7+ 49. Ke5 Kg7 50. Kxe6 c5 51. f4 c4 52. f5 1-0

[Event "Titled Tuesday intern op 01st Aug Early"]
[Site "Chess.com INT"]
[Date "2023.08.01"]
[Round "5"]
[White "Priasmoro, Novendra"]
[Black "Przybylski, Wojciech"]
[Result "1-0"]
[WhiteElo "2483"]
[BlackElo "2308"]
[PlyCount "121"]
[EventDate "2023.08.01"]
[EventType "swiss (blitz)"]
[EventRounds "11"]
[EventCountry "USA"]
[SourceTitle "EXT 2024"]
[Source "ChessBase"]
[SourceDate "2023.10.10"]
[SourceVersion "1"]
[SourceVersionDate "2023.10.10"]
[SourceQuality "1"]

1. e4 e5 2. Nf3 Nc6 3. Bb5 Nf6 4. 0-0 Nxe4 5. d4 Nd6 6. Bxc6 dxc6 7. dxe5 Nf5 8. Qxd8+ Kxd8 9. Rd1+ Ke8 10. Nc3 h6 11. b3 Be6 12. Bb2 Be7 13. h3 c5 14. Nd5 Bd8 15. c4 h5 16. Rd2 a5 17. Rb1 h4 18. Rbd1 a4 19. Nf4 axb3 20. axb3 Rh6 21. Nxe6 Rxe6 22. Rd5 b6 23. Bc1 c6 24. R5d3 Be7 25. Bf4 Rd8 26. Rxd8+ Bxd8 27. g4 hxg3 28. fxg3 f6 29. g4 Nd4 30. Nxd4 cxd4 31. exf6 Bxf6 32. g5 Be7 33. Kf2 g6 34. Kf3 c5 35. h4 Bd6 36. Rh1 Bxf4 37. Kxf4 Kf7 38. h5 gxh5 39. Rxh5 Re3 40. Rh7+ Kg8 41. Rd7 Kf8 42. Kf5 Kg8 43. Kf6 Rf3+ 44. Kg6 Kf8 45. Rd6 Rxb3 46. Kf6 Rf3+ 47. Ke5 Kg7 48. Rxb6 Rc3 49. Kd5 d3 50. Kxc5 d2 51. Rd6 Rc2 52. Kb4 Kf7 53. Kb3 Rc1 54. Rxd2 Kg6 55. Rg2 Rb1+ 56. Kc3 Rc1+ 57. Kb4 Rb1+ 58. Ka5 Ra1+ 59. Kb5 Ra2 60. Rxa2 Kxg5 61. c5 1-0

[Event "Titled Tuesday intern op 25th Jul Early"]
[Site "Chess.com INT"]
[Date "2023.07.25"]
[Round "3"]
[White "Priasmoro, Novendra"]
[Black "Villa Tornero, Alex"]
[Result "1-0"]
[WhiteElo "2467"]
[BlackElo "2103"]
[PlyCount "87"]
[EventDate "2023.07.25"]
[EventType "swiss (blitz)"]
[EventRounds "11"]
[EventCountry "USA"]
[SourceTitle "EXT 2024"]
[Source "ChessBase"]
[SourceDate "2023.10.10"]
[SourceVersion "1"]
[SourceVersionDate "2023.10.10"]
[SourceQuality "1"]

1. e4 Nf6 2. e5 Nd5 3. d4 d6 4. c4 Nb6 5. exd6 cxd6 6. Nc3 g6 7. Be3 Bg7 8. Rc1 0-0 9. b3 e5 10. dxe5 dxe5 11. c5 N6d7 12. Nf3 Nc6 13. Bc4 Qa5 14. 0-0 Nxc5 15. Ng5 Be6 16. Bxc5 Rfd8 17. Qe2 Qxc5 18. Bxe6 fxe6 19. Nxe6 Qe7 20. Nxd8 Rxd8 21. Ne4 Nd4 22. Qc4+ Kh8 23. Rfe1 Qh4 24. h3 Rf8 25. Rc3 Qf4 26. Rce3 b5 27. Qc7 Rf7 28. Qc8+ Rf8 29. Qc5 Ne6 30. Qxa7 Nd4 31. Qc5 Ne6 32. Qxb5 Nd4 33. Qc5 Ne6 34. Qc4 Nd4 35. a4 g5 36. a5 g4 37. a6 Rg8 38. a7 gxh3 39. Qxg8+ Kxg8 40. a8Q+ Kf7 41. Rxh3 Qg4 42. Qd5+ Kg6 43. Rg3 Qxg3 44. fxg3 1-0

[Event "Julius Baer Play In"]
[Site "Chess.com INT"]
[Date "2023.07.24"]
[Round "2.81"]
[White "Priasmoro, Novendra"]
[Black "Grandelius, Nils"]
[Result "0-1"]
[WhiteElo "2467"]
[BlackElo "2684"]
[PlyCount "82"]
[EventDate "2023.07.24"]
[EventType "swiss (rapid)"]
[EventRounds "9"]
[EventCountry "GER"]
[SourceTitle "CBM 215 Extra"]
[Source "ChessBase"]
[SourceDate "2023.09.30"]
[SourceVersion "1"]
[SourceVersionDate "2023.09.30"]
[SourceQuality "1"]

1. e4 c5 2. Nf3 e6 3. d4 cxd4 4. Nxd4 Nc6 5. Nc3 Qc7 6. g3 a6 7. Bg2 h5 8. 0-0 h4 9. Re1 d6 10. Nxc6 bxc6 11. Na4 e5 12. c4 Nf6 13. b3 Be7 14. Bg5 Be6 15. Qd2 Rd8 16. Rad1 hxg3 17. hxg3 Ng4 18. Bxe7 Qxe7 19. f3 Nf6 20. Qa5 Nh5 21. c5 Nxg3 22. cxd6 Qh4 23. d7+ Bxd7 24. Qxe5+ Kf8 25. Qd6+ Kg8 26. Nc5 Rh6 27. Qd2 Qh2+ 28. Kf2 Qh4 29. Kg1 Qh2+ 30. Kf2 Rg6 31. Ke3 Nf5+ 32. exf5 Rxg2 33. Qd6 Re8+ 34. Ne4 Bxf5 35. Qxc6 Qe5 36. Rd5 Bxe4 37. Rxe5 Bxc6 38. Rxe8+ Bxe8 39. Kf4 Kf8 40. a4 Rb2 41. Re3 Bd7 0-1

[Event "Titled Tuesday intern op 18th Jul Late"]
[Site "Chess.com INT"]
[Date "2023.07.18"]
[Round "3"]
[White "Priasmoro, Novendra"]
[Black "Adireddy, Arjun"]
[Result "1-0"]
[WhiteElo "2467"]
[BlackElo "2057"]
[PlyCount "109"]
[EventDate "2023.07.18"]
[EventType "swiss (blitz)"]
[EventRounds "11"]
[EventCountry "USA"]
[SourceTitle "EXT 2024"]
[Source "ChessBase"]
[SourceDate "2023.10.10"]
[SourceVersion "1"]
[SourceVersionDate "2023.10.10"]
[SourceQuality "1"]

1. e4 c6 2. d4 d5 3. e5 c5 4. dxc5 e6 5. a3 Bxc5 6. b4 Bb6 7. Qg4 Kf8 8. Nf3 Ne7 9. Bd3 a5 10. Bb2 axb4 11. axb4 Rxa1 12. Bxa1 Nbc6 13. 0-0 g6 14. Qf4 Kg7 15. Qf6+ Kg8 16. b5 Nb4 17. Ng5 Qf8 18. Bc3 Nxd3 19. cxd3 Nf5 20. Bb4 Qg7 21. Qxg7+ Kxg7 22. Nf3 h5 23. Nc3 Bd7 24. Na4 Bd8 25. Nc3 Bb6 26. Rb1 Ra8 27. Kf1 d4 28. Ne4 Bxb5 29. Ke2 Ra2+ 30. Bd2 Bxd3+ 31. Kxd3 Ra6 32. h3 Ra3+ 33. Ke2 d3+ 34. Ke1 Bd4 35. g4 hxg4 36. hxg4 Nh6 37. Nxd4 Nxg4 38. f4 Ra4 39. Bb4 Ne3 40. Nc3 Ra8 41. Kd2 Nc4+ 42. Kxd3 Nb6 43. Bd6 Nc8 44. Rxb7 Nxd6 45. exd6 Rd8 46. Ncb5 Kf6 47. Ke4 g5 48. fxg5+ Kxg5 49. Rxf7 Kg6 50. Rf2 e5 51. Kxe5 Re8+ 52. Ne6 Kh6 53. d7 Ra8 54. Nd6 Rb8 55. Kf6 1-0

[Event "Titled Tuesday intern op 27th Jun Early"]
[Site "Chess.com INT"]
[Date "2023.06.27"]
[Round "4"]
[White "Degenbaev, Aziz"]
[Black "Priasmoro, Novendra"]
[Result "0-1"]
[WhiteElo "2151"]
[BlackElo "2490"]
[PlyCount "62"]
[EventDate "2023.06.27"]
[EventType "swiss (blitz)"]
[EventRounds "11"]
[EventCountry "USA"]
[SourceTitle "EXT 2024"]
[Source "ChessBase"]
[SourceDate "2023.10.10"]
[SourceVersion "1"]
[SourceVersionDate "2023.10.10"]
[SourceQuality "1"]

1. e4 c5 2. Nf3 Nc6 3. Bb5 g6 4. 0-0 Bg7 5. c3 Nf6 6. Re1 0-0 7. h3 e5 8. d3 d6 9. Nbd2 a6 10. Ba4 b5 11. Bc2 h6 12. Nf1 Be6 13. Be3 Qc7 14. a3 Rad8 15. Rc1 Rfe8 16. d4 d5 17. Nxe5 dxe4 18. Nxc6 Qxc6 19. Ng3 h5 20. b4 h4 21. Ne2 cxd4 22. Nxd4 Qxc3 23. Bxe4 Qxa3 24. Bc6 Re7 25. Qd2 Bc4 26. Ra1 Qd3 27. Qxd3 Bxd3 28. Red1 Be4 29. Rxa6 Bxc6 30. Rxc6 Ne4 31. Kf1 Red7 0-1

[Event "Titled Tuesday intern op 27th Jun Early"]
[Site "Chess.com INT"]
[Date "2023.06.27"]
[Round "3"]
[White "Priasmoro, Novendra"]
[Black "Gamayev, Oleg"]
[Result "1-0"]
[WhiteElo "2490"]
[BlackElo "2174"]
[PlyCount "85"]
[EventDate "2023.06.27"]
[EventType "swiss (blitz)"]
[EventRounds "11"]
[EventCountry "USA"]
[SourceTitle "EXT 2024"]
[Source "ChessBase"]
[SourceDate "2023.10.10"]
[SourceVersion "1"]
[SourceVersionDate "2023.10.10"]
[SourceQuality "1"]

1. e4 d6 2. d4 Nf6 3. Nc3 e5 4. Nf3 exd4 5. Nxd4 Be7 6. Bf4 0-0 7. Qd2 c6 8. 0-0-0 b5 9. f3 b4 10. Nce2 c5 11. Nb3 c4 12. Nbd4 d5 13. e5 Ne8 14. Kb1 Nc7 15. h4 Ne6 16. Nxe6 Bxe6 17. Nd4 Qb6 18. h5 Nc6 19. Nxc6 Qxc6 20. h6 g6 21. Bg5 c3 22. Qf4 Bxg5 23. Qxg5 Bf5 24. Bd3 Bxd3 25. Rxd3 cxb2 26. Qf6 Qxf6 27. exf6 Rfd8 28. Rhd1 Kf8 29. Rxd5 Ke8 30. Rxd8+ Rxd8 31. Rxd8+ Kxd8 32. Kxb2 Kd7 33. Kb3 Ke6 34. Kxb4 Kxf6 35. c4 Ke5 36. Kc5 g5 37. Kc6 f5 38. c5 g4 39. fxg4 fxg4 40. Kd7 Kf4 41. c6 Kg3 42. c7 Kxg2 43. c8Q 1-0

[Event "Titled Tuesday intern op 20th Jun Early"]
[Site "Chess.com INT"]
[Date "2023.06.20"]
[Round "9"]
[White "Priasmoro, Novendra"]
[Black "Nogerbek, Kazybek"]
[Result "1-0"]
[WhiteElo "2490"]
[BlackElo "2493"]
[PlyCount "131"]
[EventDate "2023.06.20"]
[EventType "swiss (blitz)"]
[EventRounds "11"]
[EventCountry "USA"]
[SourceTitle "EXT 2024"]
[Source "ChessBase"]
[SourceDate "2023.10.10"]
[SourceVersion "1"]
[SourceVersionDate "2023.10.10"]
[SourceQuality "1"]

1. e4 e5 2. Nf3 Nc6 3. Bb5 a6 4. Ba4 Nf6 5. 0-0 Be7 6. Re1 b5 7. Bb3 d6 8. c3 0-0 9. h3 Re8 10. d4 Bb7 11. Nbd2 Bf8 12. Bc2 g6 13. a3 Bg7 14. Nf1 Nb8 15. Ng3 Nbd7 16. Bg5 h6 17. Bd2 c6 18. a4 Qc7 19. Bd3 Rad8 20. Qc1 Kh7 21. Qc2 c5 22. axb5 c4 23. Bf1 axb5 24. d5 Nc5 25. Be3 Ra8 26. Nd2 Nfd7 27. b4 cxb3 28. Nxb3 Nxb3 29. Qxb3 Nc5 30. Qxb5 Ba6 31. Qc6 Qxc6 32. dxc6 Bxf1 33. Kxf1 Ne6 34. Reb1 Rxa1 35. Rxa1 Rc8 36. Ra6 Bf8 37. f3 Nd8 38. c7 Rxc7 39. Bb6 Rc6 40. Ra8 Ne6 41. Ba5 h5 42. Bb4 Bh6 43. Ne2 Be3 44. Ke1 h4 45. Kd1 f5 46. Kc2 Bc5 47. Kd3 Kg7 48. Re8 Kf6 49. Rh8 Kg5 50. Re8 Ng7 51. Rg8 Kf6 52. Rf8+ Ke7 53. Rh8 Nh5 54. exf5 Kf6 55. fxg6 Kxg6 56. Rd8 Bxb4 57. cxb4 Kf7 58. b5 Rb6 59. Kc4 Nf6 60. Nc3 Ke6 61. Na4 Rb7 62. b6 Nd7 63. Kb5 Kd5 64. Ka6 Rb8 65. Rxd7 Kc6 66. Rc7+ 1-0